[Event "IECG RF.2001.0.00003"]
[Site "IECG email"]
[Date "2001.09.16"]
[Round "?"]
[White "Woo, Ji Soo"]
[Black "Redondo, Francisco"]
[Result "0-1"]
[WhiteElo "1000"]
[BlackElo "1152"]
[PlyCount "26"]
[EventDate "2001.09.16"]
[EventType "tourn (corr)"]
[EventRounds "6"]
[SourceTitle "Corr 2008"]
[Source "ChessBase"]
[SourceDate "2008.06.24"]
[SourceVersion "1"]
[SourceVersionDate "2008.06.24"]
[SourceQuality "1"]

1. c4 b6 2. Nc3 e6 3. d4 Bb4 4. a3 Bxc3+ 5. bxc3 Bb7 6. Nf3 d6 7. g3 Nc6 8. Bg2 Qd7 9. 0-0 Na5 10. Qd3 c5 11. Rb1 cxd4 12. cxd4 Rc8 13. Rb4 Ba6 0-1